000 03419cam a22011774i 4500
003 PE-LiUPU
005 20250813185721.0
008 20241210s2024 sp a rb 000 0 spa d
020 _a9788490522240
035 _aPE-LiUPUXXXXX
040 _aPE-LiUPU
_bspa
_cPE-LiUPU
_erda
082 0 4 _a382.9
_bP896c
_223
100 _aPrado Larburu, Marta,
_eautora.
_95875
245 1 0 _aComercio internacional :
_blas reglas Incoterms de la Cámara de Comercio Internacional (CCI) /
_cMarta Prado Larburu.
264 1 _aMadrid :
_bEdiciones Díaz de Santos,
_c2024.
300 _a94 páginas :
_bilustraciones ;
_c24 cm
336 _atexto
_2rdacontent
337 _asin mediación
_2rdamedia
338 _avolumen
_2rdacarrier
504 _aIncluye bibliografía.
505 0 _aAgradecimientos -- Autora -- Diccionario de siglas, términos y abreviaturas -- Introducción -- Relevancia de la entrega y otras novedades de las reglas INCOTERMS® 2020 -- Cláusulas de precio y entrega -- Clasificación de las reglas INCOTERMS® 2010 y 2020 -- Tabla de las reglas INCOTERMS® 2010 y 2020 -- Análisis individual de cada una de las once reglas INCOTERMS® 2010 y 2020 -- EXW -- FCA -- FAS -- FOB -- CFR -- CIF -- CPT -- CIP -- DAT: cambio en las tres iniciales a DPU (Delivered at Place Unloaded) -- DAP -- DDP -- Comentario final -- Nociones básicas de gestión aduanera -- (Ednotes)
526 _aP202
526 _aP201
526 _aP163
526 _aP162
526 _aP161
526 _aP160
526 _aP148
526 _aP147
526 _aP146
526 _aP145
526 _aP144
526 _aP143
526 _aP142
526 _aP141
526 _aP140
526 _aP139
526 _aP138
526 _aP137
526 _aP136
526 _aP135
526 _aP134
526 _aP133
526 _aP129
526 _aP128
526 _aP127
526 _aP120
526 _aP119
526 _aP118
526 _aP116
526 _aP115
526 _aP114
526 _aP110
526 _aP109
526 _aP108
526 _aP104
526 _aP103
526 _aP102
526 _aP99
526 _aP98
526 _aP97
526 _aP96
526 _aP95
526 _aP93
526 _aP90
526 _aP89
526 _aP88
526 _aP83
526 _aP82
526 _aP62
526 _aP59
526 _aP58
526 _aP57
526 _aP51
526 _aP49
526 _aP48
526 _aP47
526 _aP29
526 _aP24
526 _aP20
526 _aP19
526 _aP17
526 _aP15
526 _aP14
526 _aP12
526 _aP10
526 _aP09
526 _aP08
526 _aP07
526 _aP06
526 _aP05
526 _aP04
526 _aP01
650 1 4 _aComercio internacional
_xNormas.
_95877
650 2 4 _aContratos de compraventa internacional
_xAspectos jurídicos.
_95878
650 2 4 _aIncoterms
_xGuías prácticas.
_95879
856 4 0 _uhttps://www.editdiazdesantos.com/libros/prado-larburu-marta-comercio-internacional-las-reglas-incoterms-de-la-camara-de-comercio-internacional-cci-L30002240301.html
_zAcceso en línea.
942 _2ddc
_cBK
980 _621515
_aROMINA COBOS Adquisiciones
_81
_gALBERTO SANCHEZ Responsable de Automatización
999 _c63017
_d63016